00402nam a2200133Ia 4500003000400000008004100004020002400045040000800069100002100077245010200098260004100200300001400241365001300255LDD181029s9999 xx 000 0 und d a521862787cUS85.00 cLDD aRainey, David L. 0aSustainable business developmentbInventing the future through strategy, innovatcDavid L. Rainey aNew YorkbCambridge Universityc2006 axxv, 735p bUS85.00